| 000 | 00447nam a2200181Ia 4500 | ||
|---|---|---|---|
| 008 | 151213s9999 xx 000 0 und d | ||
| 020 | _a- | ||
| 082 | _a657.45 | ||
| 100 | _aMohd. ,Mohibbullah | ||
| 245 |
_aA Hand Book Of Auditing _cMohd. ,Mohibbullah |
||
| 250 | _a1 st | ||
| 260 |
_aDhaka _bMrs. Taslim Khatun _c1999 |
||
| 300 | _a4013 p. | ||
| 650 | _aAccounting | ||
| 650 | _aAccounting | ||
| 700 | _aMohd. ,Mohibbullah | ||
| 999 |
_c2548 _d2548 |
||